000 00391nam a2200133Ia 4500
005 20260328101455.0
008 260328s9999||||xx |||||||||||||| ||und||
100 _aUlloa Vergara, Rodolfo
245 0 _aXIX Bienal Colombiana de Arquitectura - 2004 /
_cRodolfo Ulloa Vergara
260 _bSociedad Colombiana de Arquitectos
300 _a336 p.
650 _aARQUITECTURA REGIONAL
942 _cBK
999 _c8787
_d8787